000 00510nam a2200205Ia 4500
003 0100
008 130303s9999 xx 000 0 und d
020 _a674137396
040 _cARRUPELIB
050 _aJC578.R36925 1999
100 _aRawls, John
245 _aCollected papers
260 _aCambridge
260 _bCambridge University Press
260 _C1999
300 _axii
300 _b 656p. 25cm.
700 _aJohn Rawls , ed. by Samuel Freeman , Freeman, Samuel Richard
942 0 0 _014
999 _c12331
_d12331